BTS Song Lyrics - Click Quiz #1 - Statistics

General Stats
  • This quiz has been taken 57 times
  • The average score is 13 of 20
Answer Stats
Hint Answer % Correct
You are the cause of my ________ Euphoria
93%
Yolo, yolo, yolo, yo, Where my money, yah? Go Go
91%
We goin' from Tokyo, Italy, Hong Kong to Brazil Airplane pt. 2
86%
Like an echo in the forest Life Goes On
86%
Rain be pourin', sky keep fallin' every day, oh-na-na-na ON
81%
Ayo, ladies and gentlemen (oh-oh-oh) Dope
79%
Killin' me now, killin' me now, do you hear me? Yeah Black Swan
77%
I ain't gotta think 'bout a thing, baby, I just SWIM
72%
I wish that I could tell you that it's over (over) Merry Go Round
67%
You know it all, you're my best friend Spring Day
67%
Don't wanna be fooled, wanna be cool, wanna be loved Like
63%
I can make it better, I can hold you tighter Make It Right
63%
You made me again Begin
56%
One for the laugh, two for the show Dis-ease
56%
You know I want that ____ (____) HOME
56%
I'm takin' over you Pied Piper
56%
Can you trust me, can you trust me? Hold Me Tight
53%
See me, see me, yah, 넌 위선자야 No More Dream
49%
Baby, I'm nothin'er than nothin' Louder than Bombs
40%
Take my-ay-ay hand, 손을 놓지 마 Love Maze
35%
No matching quizzes found
Score Distribution
Percent of People with Each Score
Percentile by Number Answered
Your Score History
You have not taken this quiz